Polskie kluby piłkarskie - Statystyki

Ogólne statystyki
  • Ten quiz został rozwiązany 20 razy
  • Średni wynik to 7 z 17
Statystyki odpowiedzi
Odpowiedź % Poprawnych
Legia Warszawa
100%
Lech Poznań
83%
Arka Gdynia
67%
Wisła Kraków
67%
Lechia Gdańsk
61%
Jagiellonia Białystok
56%
Śląsk Wrocław
56%
Motor Lublin
50%
Polonia Warszawa
44%
Cracovia
39%
ŁKS Łódź
28%
Stomil Olsztyn
22%
Hutnik Kraków
11%
Ślęża Wrocław
11%
Górnik Polkowice
6%
Karkonosze Jelenia Góra
6%
Olimpia Ebląg
6%
Nie znaleziono quizów pasujących do podanych kryteriów
Rozkład punktacji
Procent ludzi z każdym wynikiem
Percentyl według liczby udzielonych odpowiedzi
Twoja historia wyników
Nie rozwiązałeś tego quizu